[Event "Carlos Di Sarli in memorian"]
[Site "SchemingMind.com"]
[Date "2006.12.10"]
[Round "-"]
[White "mart_r3000"]
[Black "Tahur"]
[Result "0-1"]
[WhiteCountry "ENG"]
[BlackCountry "ARG"]
[WhiteElo "1281"]
[WhiteRD "52"]
[BlackElo "1468"]
[BlackRD "55"]
[GameID "81387"]

1. e4 e5 2. d4 exd4 3. Qxd4 Nc6 4. Qd1 Nf6 5. Nc3 Bc5 6. Qe2 a6 7. Nd5 Nxd5 8. exd5+ Ne7 9. Qg4 O-O 10. Bh6 Ng6
11. Bg5 Qe8+ 12. Be2 d6 13. Qg3 Qe5 14. O-O-O Qxg3 15. hxg3 Bxf2 16. Nf3 Bxg3 17. Nd4 h6 18. Bxh6 gxh6 19. Rxh6 Bf4+ 20. Kb1 Bxh6
21. Rh1 Be3 22. Nf3 Nf4 23. Bf1 Nxd5 24. Rh4 Bf2 25. Rh5 Nf4 26. Rg5+ Ng6 27. g3 Be3 28. Rd5 b6 29. Rd3 Bh6 30. Rd4 Ne5
31. Nxe5 dxe5 32. Rh4 Bd2 33. Bd3 f5 34. g4 e4 35. Bc4+ Kg7 36. g5 Bxg5 37. Rh5 Kg6 38. Rh2 Rd8 39. Rh1 Bb7 40. Rg1 Bd5
41. Be2 f4 42. Bg4 f3 43. Rh1 e3 44. Bh5+ Kf6 45. b3 f2 46. Be2 Bxh1
0-1

[Event "Carlos Di Sarli in memorian"]
[Site "SchemingMind.com"]
[Date "2006.12.11"]
[Round "-"]
[White "mart_r3000"]
[Black "Negrito19"]
[Result "0-1"]
[WhiteCountry "ENG"]
[BlackCountry "ARG"]
[WhiteElo "1281"]
[WhiteRD "52"]
[BlackElo "1551"]
[BlackRD "55"]
[GameID "81388"]

1. e4 e5 2. Nf3 Nc6 3. Bb5 d6 4. O-O Nf6 5. Re1 Bd7 6. Nc3 Nd4 7. Bc4 Bg4 8. h3 Bxf3 9. gxf3 Nh5 10. f4 Nxf4
11. Qg4 Nxc2 12. Bxf7+ Kxf7 13. d3 Nxe1 14. Bxf4 exf4 15. Qf5+ Qf6 16. Rxe1 Qxf5 17. exf5 c6 18. Ne4 d5 19. Nc5 Bxc5 20. Kg2 Rhg8
21. Kf3 Bd6 22. d4 g5 23. Kg4 Bb4 24. Rh1 Kf6 25. a3 h5+ 26. Kxh5 Kxf5 27. Kh6 Bf8+ 28. Kh7 Rg7+ 29. Kh8 Kg6
0-1

[Event "Carlos Di Sarli in memorian"]
[Site "SchemingMind.com"]
[Date "2006.12.10"]
[Round "-"]
[White "mart_r3000"]
[Black "alejandra"]
[Result "0-1"]
[WhiteCountry "ENG"]
[BlackCountry "ARG"]
[WhiteElo "1354"]
[WhiteRD "54"]
[BlackElo "1184"]
[BlackRD "80"]
[GameID "81389"]

1. e4 Nf6 2. d3 Nc6 3. Nf3 e5 4. Bg5 Rg8 5. Nc3 h6 6. Bh4 Bc5 7. Nd5 g5 8. Bg3 d6 9. Qd2 Nb4 10. Nxb4 a5
11. Nd5 Ng4 12. d4 exd4 13. Bc4 Bd7 14. O-O-O a4 15. b4 a3 16. Rhe1 c6 17. bxc5 dxc5 18. Nc7+ Kf8 19. Bd6+ Kg7 20. e5 Qb8
21. Re2 Ra4 22. Qd3 Qa7 23. Bxf7 Kxf7 24. Qh7+ Rg7 25. Qe4 Qb6 26. e6+ Kf6 27. exd7 Qb2+ 28. Kd2 Qb4+ 29. c3 Qxc3#
0-1

[Event "Carlos Di Sarli in memorian"]
[Site "SchemingMind.com"]
[Date "2006.12.10"]
[Round "-"]
[White "mart_r3000"]
[Black "Guillote"]
[Result "0-1"]
[WhiteCountry "ENG"]
[BlackCountry "ARG"]
[WhiteElo "1281"]
[WhiteRD "52"]
[BlackElo "1587"]
[BlackRD "76"]
[GameID "81390"]

1. e4 e5 2. Nf3 Nc6 3. d4 exd4 4. Nxd4 Nxd4 5. Qxd4 Ne7 6. Bc4 Nc6 7. Qd5 Qf6 8. O-O d6 9. Bd2 Be6 10. Qb5 Bxc4
11. Qxc4 Qxb2 12. Nc3 Be7 13. Rab1 Qxc2 14. Rfd1 O-O 15. Rxb7 Ne5 16. Qd5 Bf6 17. Rxc7 Ng6 18. Qxd6 Be5 19. Qd7 Bxc7 20. Qxc7 Rfc8
21. Qa5 Rxc3 22. h3 Qxd1+ 23. Kh2 Qxd2 24. Qf5 Qf4+ 25. Qxf4 Nxf4 26. f3 Rc2 27. Kg3 Ne6 28. h4 Rxa2 29. Kh3 Rc8 30. g4 g5
31. hxg5 Nxg5+ 32. Kg3 Nxe4+ 33. fxe4 Rc3+ 34. Kf4 f6 35. Kf5 Kf7 36. g5 Rf2+ 37. Kg4 f5+ 38. exf5 Rc4+ 39. Kh5 Rh2#
0-1

[Event "Carlos Di Sarli in memorian"]
[Site "SchemingMind.com"]
[Date "2006.12.10"]
[Round "-"]
[White "juanca"]
[Black "mart_r3000"]
[Result "0-1"]
[WhiteCountry "ESP"]
[BlackCountry "ENG"]
[WhiteElo "1320"]
[WhiteRD "82"]
[BlackElo "1281"]
[BlackRD "52"]
[GameID "81391"]

1. e4 e5 2. Nf3 Nc6 3. Bc4 Nh6 4. d3 Bc5 5. Bxh6 O-O 6. Bd2 Nd4 7. Nxe5 Qf6 8. f4 Kh8 9. Ng4 Qh4+ 10. g3 Qh3
11. Nc3 Qg2 12. Rf1 f5 13. Ne5 g6 14. Rf2 Nxc2+ 15. Qxc2 Qxf2+ 16. Kd1 Qf1+ 17. Be1 g5 18. Nf7+ Kg7 19. Nxg5 fxe4 20. Ngxe4 Bd4
21. Nd5 d6 22. Nxc7 Bg4+ 23. Kd2 Qe2+ 24. Kc1 Qxe1+ 25. Qd1 Qxd1#
0-1

[Event "Carlos Di Sarli in memorian"]
[Site "SchemingMind.com"]
[Date "2006.12.11"]
[Round "-"]
[White "Brerrabbit"]
[Black "mart_r3000"]
[Result "0-1"]
[WhiteCountry "SCO"]
[BlackCountry "ENG"]
[WhiteElo "1316"]
[WhiteRD "65"]
[BlackElo "1286"]
[BlackRD "52"]
[GameID "81392"]

1. e4 e5 2. Nf3 Nc6 3. Nc3 Bb4 4. Bc4 Nh6 5. d4 Ng4 6. Nxe5 Ncxe5 7. dxe5 O-O 8. O-O Qh4 9. Bf4 Bc5 10. Bg3 Qg5
11. Na4 Be7 12. Qf3 h5 13. h4 Qg6 14. Qf4 d6 15. f3 Nxe5 16. b3 c6 17. Rad1 b5 18. Bxf7+ Nxf7 19. Nc3 Bf6 20. Ne2 b4
21. Nd4 c5 22. Nc6 Re8 23. Rfe1 Bd7 24. Nxb4 Rab8 25. Na6 Rbc8 26. Nxc5 Rxc5 27. Rd2 Bc3 28. Rxd6 Nxd6 29. Rd1 Be5 30. Qe3 Qxg3
31. Qxc5 Re6 32. Qd5 Qh2+
0-1

[Event "Carlos Di Sarli in memorian"]
[Site "SchemingMind.com"]
[Date "2006.12.10"]
[Round "-"]
[White "Tahur"]
[Black "mart_r3000"]
[Result "1-0"]
[WhiteCountry "ARG"]
[BlackCountry "ENG"]
[WhiteElo "1468"]
[WhiteRD "55"]
[BlackElo "1281"]
[BlackRD "52"]
[GameID "81393"]

1. e4 e5 2. Nf3 Nc6 3. Bc4 Nh6 4. d3 Nd4 5. Be3 c5 6. Nxd4 cxd4 7. Bxh6 gxh6 8. Qf3 f6 9. c3 Qb6 10. b3 dxc3
11. Nxc3 Qb4 12. Rc1 Qe7 13. Nd5 Qc5 14. Qxf6 Be7 15. Qxh8+ Bf8 16. Qxe5+ Kd8 17. O-O b5 18. Qf6+ Be7 19. Qxe7+ Qxe7 20. Nxe7 Kxe7
21. Bxb5 Rb8 22. Bc4 d6 23. Rfe1 Kf6 24. f4 Bg4 25. h3 Bd7 26. e5+ dxe5 27. fxe5+ Kf5 28. d4 Rg8 29. e6 Bc6 30. e7 Rxg2+
31. Kf1 Kf4 32. d5 Kf3 33. Re2 Rg5 34. dxc6 Kg3 35. e8=Q Kxh3 36. Rc3+ Kh4 37. Qe6 Rg6 38. Rh2+ Kg5 39. Qe5+ Kg4 40. Rg3#
1-0

[Event "Carlos Di Sarli in memorian"]
[Site "SchemingMind.com"]
[Date "2006.12.11"]
[Round "-"]
[White "Negrito19"]
[Black "mart_r3000"]
[Result "1-0"]
[WhiteCountry "ARG"]
[BlackCountry "ENG"]
[WhiteElo "1551"]
[WhiteRD "55"]
[BlackElo "1281"]
[BlackRD "52"]
[GameID "81394"]

1. e4 e5 2. Bc4 Nf6 3. Nf3 Nc6 4. Ng5 d5 5. exd5 Nxd5 6. d3 f6 7. Ne4 Be7 8. Bb5 O-O 9. c4 Bb4+ 10. Bd2 Be7
11. cxd5 Qxd5 12. Bc4 Qxc4 13. dxc4 Rd8 14. Nbc3 Be6 15. b3 Bf5 16. Qf3 Nd4 17. Qd3 Bg4 18. Nd5 Ba3 19. f3 Bh5 20. Bc3 Ne6
21. b4 Bg6 22. g4 a5 23. b5 c6 24. bxc6 Nc5 25. Ne7+ Kf7 26. cxb7 Nxd3+ 27. Ke2 Rab8 28. Nc6 Nf4+ 29. Kf2 f5 30. Nxd8+ Rxd8
31. gxf5 Bxf5 32. Bxe5 Nd3+ 33. Kg3 Nxe5 34. Rab1 Rd3 35. Rb3 Rxb3 36. axb3 Nd7 37. Ra1 Bb4 38. c5 Nb8 39. Nd6+ Ke6 40. Nxf5 Kxf5
41. Rc1 Nc6 42. Rd1 Kg5 43. Rd5+ Kf6 44. Rd6+ Kg5 45. Rxc6 Be1+ 46. Kg2 Bd2 47. b8=Q g6 48. Qd8+
1-0

[Event "Carlos Di Sarli in memorian"]
[Site "SchemingMind.com"]
[Date "2006.12.10"]
[Round "-"]
[White "alejandra"]
[Black "mart_r3000"]
[Result "0-1"]
[WhiteCountry "ARG"]
[BlackCountry "ENG"]
[WhiteElo "1184"]
[WhiteRD "80"]
[BlackElo "1354"]
[BlackRD "54"]
[GameID "81395"]

1. Nf3 d5 2. Nc3 Nf6 3. d4 Bg4 4. Ne5 Bh5 5. e4 Bxd1 6. Nxd1 dxe4 7. Bb5+ c6 8. Bc4 e6 9. O-O Qxd4 10. Bf4 b5
11. Bb3 Nh5 12. Ne3 Nxf4 13. Rad1 Qxe5 14. c4 Bd6 15. c5 Bc7 16. Rd2 Nh3+
0-1

[Event "Carlos Di Sarli in memorian"]
[Site "SchemingMind.com"]
[Date "2006.12.11"]
[Round "-"]
[White "Guillote"]
[Black "mart_r3000"]
[Result "1-0"]
[WhiteCountry "ARG"]
[BlackCountry "ENG"]
[WhiteElo "1587"]
[WhiteRD "76"]
[BlackElo "1281"]
[BlackRD "52"]
[GameID "81396"]

1. e4 e5 2. Nf3 Nc6 3. Bc4 f5 4. Nc3 Bb4 5. a3 Bc5 6. O-O fxe4 7. Nxe4 Be7 8. Nxe5 Nxe5 9. Qh5+ g6 10. Qxe5 d5
11. Bxd5 c6 12. Qxh8 Qxd5 13. d3 Be6 14. Be3 Kd7 15. Qxh7 b6 16. Qxg6 Rf8 17. Bh6 Bf5 18. Qg7 Nxh6 19. Qxh6 b5 20. Ng3 Be6
21. c4 bxc4 22. dxc4 Qxc4 23. Nh5 c5 24. Ng7 Bd5 25. Rad1 Kc7 26. Rfe1 Rf7 27. Nh5 Qg4 28. Rxd5 Qh4 29. Qe3 Bd6 30. Rxd6 Kxd6
31. Qe6+ Kc7 32. Qxf7+ Kb6 33. Ng3 Qd4 34. Qe6+ Kb5 35. a4+ Kxa4 36. Qa6+ Kb3 37. Qa3+ Kc2 38. Qc3+ Qxc3 39. bxc3 Kxc3 40. Ra1 Kd4
41. Rxa7 c4 42. Rc7 c3 43. Ne2+
1-0

[Event "Carlos Di Sarli in memorian"]
[Site "SchemingMind.com"]
[Date "2006.12.12"]
[Round "-"]
[White "Quanah4"]
[Black "juanca"]
[Result "1-0"]
[WhiteCountry "USA"]
[BlackCountry "ESP"]
[WhiteElo "1611"]
[WhiteRD "90"]
[BlackElo "1392"]
[BlackRD "72"]
[GameID "81411"]

1. d4 d5 2. e3 Nc6 3. c4 Nf6 4. Nf3 e6 5. Nc3 Bb4 6. a3 Be7 7. b4 O-O 8. Bb2 a6 9. Be2 b6 10. O-O Nb8
11. Rc1 c5 12. b5 axb5 13. Nxb5 Ba6 14. a4 Bxb5 15. axb5 Qc7 16. Re1 Nbd7 17. Bd3 Bd6 18. Qc2 h6 19. e4 cxd4 20. Bxd4 dxc4
21. Bxc4 Qb7 22. e5 Bb4 23. exf6 Bxe1 24. Rxe1 Nxf6 25. Bd3 Nd5 26. Be4 Ra5 27. Rb1 Qd7 28. Bd3 Nc7 29. Bxb6 Nxb5 30. Bxa5 Nd6
31. Bb4 Rd8 32. Bxd6 Qxd6 33. Rd1 Qb6 34. h3 f5 35. Be2 Rf8 36. Re1 Rf6 37. Ne5 Qc7 38. Qxc7
1-0

[Event "Carlos Di Sarli in memorian"]
[Site "SchemingMind.com"]
[Date "2006.12.11"]
[Round "-"]
[White "Quanah4"]
[Black "Brerrabbit"]
[Result "0-1"]
[WhiteCountry "USA"]
[BlackCountry "SCO"]
[WhiteElo "1608"]
[WhiteRD "101"]
[BlackElo "1342"]
[BlackRD "71"]
[GameID "81412"]

1. d4 d5 2. e3 Nc6 3. c4 Nf6 4. Nc3 dxc4 5. Bxc4 e5 6. Nf3 Bb4 7. Bd2 Bg4 8. Be2 exd4 9. Nxd4 Nxd4 10. exd4 Qxd4
11. Be3 Qe4 12. O-O Bxc3 13. bxc3 O-O 14. Bxg4 Nxg4 15. Re1 Rae8 16. Bd2 Qf5 17. f3 Qc5+ 18. Kh1 Nf2+ 19. Kg1 Nxd1+ 20. Kh1 Nf2+
21. Kg1 Nd3+ 22. Kf1 Qf2#
0-1

[Event "Carlos Di Sarli in memorian"]
[Site "SchemingMind.com"]
[Date "2006.12.12"]
[Round "-"]
[White "Quanah4"]
[Black "mart_r3000"]
[Result "1-0"]
[WhiteCountry "USA"]
[BlackCountry "ENG"]
[WhiteElo "1608"]
[WhiteRD "101"]
[BlackElo "1281"]
[BlackRD "52"]
[GameID "81413"]

1. d4 d5 2. e3 a6 3. c4 e6 4. Nf3 Nf6 5. Nc3 Bb4 6. a3 Ba5 7. b4 Bb6 8. c5 Ba7 9. Bb2 O-O 10. Be2 Nc6
11. O-O b6 12. Rc1 Re8 13. Bd3 g6 14. Ne2 a5 15. b5 Ne7 16. c6 Qd6 17. a4 Ng4 18. Ng3 f5 19. h3 Nxe3 20. fxe3 Qxg3
21. Qd2 Rf8 22. Ne5 g5 23. Qf2 f4 24. Qxg3 fxg3 25. Rxf8+ Kxf8 26. Rf1+ Kg8 27. Rf7 Nf5 28. Rxc7 Nxe3 29. Bxh7+ Kf8 30. Ng6+ Ke8
31. Re7+
1-0

[Event "Carlos Di Sarli in memorian"]
[Site "SchemingMind.com"]
[Date "2006.12.11"]
[Round "-"]
[White "Quanah4"]
[Black "Tahur"]
[Result "1-0"]
[WhiteCountry "USA"]
[BlackCountry "ARG"]
[WhiteElo "1604"]
[WhiteRD "87"]
[BlackElo "1444"]
[BlackRD "62"]
[GameID "81414"]

1. d4 d5 2. e3 Nc6 3. c4 dxc4 4. Bxc4 Bf5 5. Nc3 Nf6 6. Nf3 h6 7. O-O e6 8. Re1 Bb4 9. Bd2 a6 10. a3 Bxc3
11. Bxc3 b5 12. Bd3 Bxd3 13. Qxd3 O-O 14. b4 Re8 15. Rac1 Ne7 16. e4 Nh5 17. g3 f6 18. Qe2 Nc6 19. Nh4 g5 20. Ng2 Ng7
21. Red1 f5 22. e5 g4 23. f3 gxf3 24. Qxf3 Qd5 25. Qe3 Kh7 26. Bd2 Qxd4 27. Qxd4 Nxd4 28. Kf2 Rac8 29. Bxh6 Kxh6 30. Rxd4 c6
31. Nf4 Nh5 32. Rd6 Nxf4 33. gxf4 Kh5= 34. Rdxc6 Kg4 35. Rxc8 Re7 36. R8c6 Kxf4 37. Rxa6 Kxe5 38. Re1+ Kf6 39. h4 Kf7 40. Rb6 Ra7
41. Rbxe6 Rxa3 42. R6e5 f4 43. Rf5+ Kg6 44. Rxf4 Ra2+ 45. Re2 Ra3 46. Rfe4 Rb3 47. R2e3 Rb2+ 48. Kg3 Kf5 49. Rf4+ Kg6 50. Kg4 Rg2+
51. Rg3 Rb2 52. h5+ Kh6 53. Re3 Rg2+ 54. Kh3 Rg5 55. Re6+ Kh7 56. Rf7+ Kg8 57. Rb7 Rf5 58. Re8+ Rf8 59. Rxf8+ Kxf8 60. Kg4 Kg8
61. Kg5 Kh8 62. Kg6 Kg8 63. Rb8#
1-0

[Event "Carlos Di Sarli in memorian"]
[Site "SchemingMind.com"]
[Date "2006.12.14"]
[Round "-"]
[White "Quanah4"]
[Black "Guillote"]
[Result "1/2-1/2"]
[WhiteCountry "USA"]
[BlackCountry "ARG"]
[WhiteElo "1574"]
[WhiteRD "85"]
[BlackElo "1630"]
[BlackRD "80"]
[GameID "81417"]

1. d4 d6 2. e3 g6 3. Nf3 Bg7 4. c4 Nf6 5. Nc3 O-O 6. Be2 b6 7. O-O Bb7 8. b3 Nbd7 9. Bb2 a5 10. a4 d5
11. Rc1 dxc4 12. bxc4 e6 13. Re1 Qe7 14. Nb5 Nb8 15. Ba3 Qd7 16. Bxf8 Kxf8 17. Ne5 Qd8 18. Bf3 Bxf3 19. Nxf3 Nc6 20. Qc2 Nb4
21. Qb3 Ne4 22. Red1 Rc8 23. Nc3 Nxc3 24. Rxc3 Qe7 25. Rcc1 h5 26. Ne1 Qg5 27. Nd3 Nc6 28. Ne1 h4 29. Nf3 Qg4 30. h3 Qh5
31. Qc2 Ne7 32. e4 Rd8 33. Kf1 Nc6 34. d5 exd5 35. exd5 Ne5 36. Nxe5 Bxe5 37. Re1 Bd6 38. Qe2 Qg5 39. Rb1 Qf4 40. Qf3 Qxc4+
41. Re2 Qxa4 42. Rbe1 Qc4 43. Qe4 Qb5 44. Qxh4 Kg7 45. Qd4+ Kg8 46. Kg1 a4 47. Re4 Bf8 48. Qxa4 Qxd5 49. Re8 Rxe8 50. Rxe8 Kg7
51. Qa8 Qd1+ 52. Kh2 Bd6+ 53. g3 Qd2 54. Qa1+ f6 55. Qe1 Qc2 56. Re2 Qc6 57. Qf1 Qc4 58. Re1 Qxf1 59. Rxf1 b5 60. Kg2 b4
61. Kf3 c5 62. Rc1 f5 63. h4 b3 64. Rb1 c4 65. Ke3 Bc5+ 66. Kd2 Bd4 67. f3 b2 68. Kc2 c3 69. g4 fxg4 70. fxg4 Kf6
71. Rf1+ Kg7 72. Kd3 Kh6 73. Kc2 Kg7 74. g5 Kh7 75. Rf4 Bg7 76. Re4 Kg8 77. Rf4 Kh7 78. Re4 Kg8 79. Rf4 Kh7 80. Re4
1/2-1/2

[Event "Carlos Di Sarli in memorian"]
[Site "SchemingMind.com"]
[Date "2006.12.13"]
[Round "-"]
[White "juanca"]
[Black "Quanah4"]
[Result "0-1"]
[WhiteCountry "ESP"]
[BlackCountry "USA"]
[WhiteElo "1392"]
[WhiteRD "72"]
[BlackElo "1611"]
[BlackRD "90"]
[GameID "81418"]

1. e4 e6 2. Nf3 d5 3. exd5 exd5 4. d4 c5 5. Bd3 c4 6. Be2 Nf6 7. O-O Nc6 8. Nc3 Bb4 9. Bg5 Bxc3 10. bxc3 O-O
11. Ne5 Qd6 12. Nf3 Ne4 13. Bd2 Bg4 14. Ne5 Bxe2 15. Qxe2 Nxe5 16. dxe5 Qe6 17. Rfe1 Rfe8 18. f4 f5 19. Rab1 b6 20. Rb5 a6
21. Rbb1 b5 22. a3 g6 23. Ra1 Qe7 24. a4 h6 25. Qe3 Qa7 26. Qxa7 Rxa7 27. Be3 Rg7 28. Bd4 Rge7 29. Reb1 Rb7 30. Rb2 Rc8
31. Rab1 Rcb8 32. axb5 axb5 33. Kf1 Nd2+ 34. Ke2 Nxb1 35. Rxb1 g5 36. g3 Rg7 37. fxg5 hxg5 38. Kd2 g4 39. Re1 Rh7 40. Re2 Kf7
41. Bc5 Ke6 42. Bd6 Rbh8 43. Ke3 Rxh2 44. Rxh2 Rxh2 45. Kd4 Rg2 46. Kc5 Rxg3 47. Kxb5 Rxc3 48. Ba3 Rxa3
0-1

[Event "Carlos Di Sarli in memorian"]
[Site "SchemingMind.com"]
[Date "2006.12.12"]
[Round "-"]
[White "Brerrabbit"]
[Black "Quanah4"]
[Result "0-1"]
[WhiteCountry "SCO"]
[BlackCountry "USA"]
[WhiteElo "1316"]
[WhiteRD "65"]
[BlackElo "1611"]
[BlackRD "90"]
[GameID "81419"]

1. e4 e6 2. Nf3 d5 3. exd5 exd5 4. Nc3 Nf6 5. Qe2+ Be7 6. d4 O-O 7. g3 Bg4 8. h3 Bh5 9. Bg2 Re8 10. Bg5 Bb4
11. Be3 Nc6 12. O-O Bxf3 13. Bxf3 Nxd4 14. Qd3 Nxf3+ 15. Kg2 Ne5 16. Qb5 Bxc3 17. bxc3 b6 18. f4 c6 19. Qe2 Nc4 20. Rf3 Nxe3+
21. Rxe3 Rxe3 22. Qxe3 Qd7 23. Re1 Re8 24. Qf2 Rxe1 25. Qxe1 h6 26. g4 Ne4 27. Qe3 g6 28. c4 Kg7 29. Qd4+ Kh7 30. cxd5 Qxd5
31. Qxd5 cxd5 32. Kf3 Kg7 33. Ke3 Kf6 34. Kd4 Ke6 35. c4 Nf2 36. cxd5+ Kd6
0-1

[Event "Carlos Di Sarli in memorian"]
[Site "SchemingMind.com"]
[Date "2006.12.13"]
[Round "-"]
[White "mart_r3000"]
[Black "Quanah4"]
[Result "0-1"]
[WhiteCountry "ENG"]
[BlackCountry "USA"]
[WhiteElo "1286"]
[WhiteRD "52"]
[BlackElo "1611"]
[BlackRD "90"]
[GameID "81420"]

1. e4 e6 2. e5 d5 3. exd6 cxd6 4. c3 Nc6 5. Bb5 Nf6 6. Nf3 e5 7. O-O Be7 8. Re1 Bg4 9. h3 Bd7 10. d4 exd4
11. cxd4 O-O 12. g4 a6 13. Bd3 b5 14. Kg2 Re8 15. a4 b4 16. Bc4 d5 17. Bd3 Qc8 18. Ne5 Nxd4 19. Be3 Bc5 20. Nd2 Rxe5
21. f4 Re8 22. g5 Bxh3+ 23. Kh2 Ng4+ 24. Kg3 Nxe3 25. Qh5 Bf5 26. Bf1 Bg6 27. Qh2 Qg4+ 28. Kf2 Nxf1 29. Qg2 Nf3+ 30. Re3 Bxe3+
31. Ke2 Bd4+ 32. Kxf1 Bd3+
0-1

[Event "Carlos Di Sarli in memorian"]
[Site "SchemingMind.com"]
[Date "2006.12.13"]
[Round "-"]
[White "Tahur"]
[Black "Quanah4"]
[Result "0-1"]
[WhiteCountry "ARG"]
[BlackCountry "USA"]
[WhiteElo "1444"]
[WhiteRD "62"]
[BlackElo "1604"]
[BlackRD "87"]
[GameID "81421"]

1. e4 e6 2. Nf3 d5 3. exd5 exd5 4. d4 Nf6 5. Nc3 Bb4 6. Bd2 O-O 7. a3 Be7 8. h3 Re8 9. Be2 c5 10. dxc5 Bxc5
11. O-O Nc6 12. Bb5 a6 13. Bxc6 bxc6 14. b4 Be7 15. Nd4 Bb7 16. Nf5 Qd7 17. Nxe7+ Rxe7 18. Bg5 Re6 19. Bxf6 Rxf6 20. f3 Re8
21. Re1 Rfe6 22. Rxe6 Rxe6 23. Qd2 Qc7 24. Re1 Bc8 25. Rxe6 Bxe6 26. Qe2 Qc8 27. g4 h6 28. a4 g5 29. Qd2 Qb7 30. Qd4 Qe7
31. Qb6 Bd7 32. b5 axb5 33. axb5 cxb5 34. Nxb5 Qe1+ 35. Kh2 Qe2+ 36. Kg3 Qe1+ 37. Qf2 Qxf2+ 38. Kxf2 Bxb5 39. c3 Kg7 40. Ke3 Kf6
41. Kd4 Bc4 42. Kc5 Ke5 43. Kc6 f5 44. Kc5 Kf4 45. gxf5 Kxf5 46. Kd4 Kf4 47. Kc5 Kxf3 48. Kd4 h5 49. Ke5 g4 50. hxg4 hxg4
51. Kf5 g3
0-1

[Event "Carlos Di Sarli in memorian"]
[Site "SchemingMind.com"]
[Date "2006.12.13"]
[Round "-"]
[White "Negrito19"]
[Black "Quanah4"]
[Result "0-1"]
[WhiteCountry "ARG"]
[BlackCountry "USA"]
[WhiteElo "1560"]
[WhiteRD "56"]
[BlackElo "1611"]
[BlackRD "90"]
[GameID "81422"]

1. e4 e6 2. d4 d5 3. e5 c5 4. Nf3 cxd4 5. Nxd4 Nc6 6. Nc3 Nxe5 7. f4 Nc6 8. Bb5 Bd7 9. O-O Nf6 10. f5 Nxd4
11. Bxd7+ Qxd7 12. Qxd4 Rc8 13. Bg5 Bc5 14. Qxc5 Rxc5 15. fxe6 fxe6 16. Rae1 O-O 17. Rd1 Rcc8 18. Bxf6 Rxf6 19. Rfe1 a6 20. Ne4 Rff8
21. c3 Qe7 22. Nf2 Qc5 23. Rf1 Rce8 24. Rd3 e5 25. b4 Qd6 26. Ne4 Rxf1+ 27. Kxf1 Qf8+ 28. Nf2 e4 29. Re3 Qf4 30. Ke2 Qxh2
31. c4 dxc4 32. Nxe4 Qxg2+ 33. Nf2 Rxe3+ 34. Kxe3 c3 35. a3 c2 36. Nd3 Qg5+ 37. Kd4 c1=Q 38. Nxc1 Qxc1 39. a4 g5 40. b5 axb5
41. axb5 Qb2+ 42. Kc5 Qg7 43. Kb6 g4 44. Ka7 g3 45. b6 Qg6 46. Kxb7 Qxb6+ 47. Kxb6 g2 48. Kc5 g1=Q+ 49. Kd6 Qe3 50. Kc7 Qe6
51. Kb8 Qe7 52. Kc8 Kf7 53. Kb8 Ke6 54. Kc8 Kd6 55. Kb8 Kc6 56. Ka8 Qb7#
0-1

[Event "Carlos Di Sarli in memorian"]
[Site "SchemingMind.com"]
[Date "2006.12.12"]
[Round "-"]
[White "Guillote"]
[Black "Quanah4"]
[Result "1-0"]
[WhiteCountry "ARG"]
[BlackCountry "USA"]
[WhiteElo "1630"]
[WhiteRD "80"]
[BlackElo "1574"]
[BlackRD "85"]
[GameID "81424"]

1. e4 e6 2. Nc3 d5 3. Nf3 d4 4. Ne2 c5 5. Ng3 Nc6 6. Bb5 Bd7 7. d3 Bd6 8. O-O Nf6 9. Bxc6 Bxg3 10. Bxd7+ Qxd7
11. fxg3 O-O 12. Ne5 Qc7 13. Bf4 b6 14. Ng6 Qb7 15. Nxf8 Rxf8 16. Bg5 Nd7 17. Qg4 Ne5 18. Qe2 f6 19. Bf4 Ng6 20. e5 f5
21. Qf3 Qe7 22. a4 Qc7 23. b4 a6 24. bxc5 bxc5 25. Rab1 Qc8 26. a5 Qc7 27. h4 h6 28. Qb7 Qd8 29. Qxa6 Qd5 30. Qb6 Qd8
31. Qxe6+ Kh7 32. a6 Re8 33. Qxf5 Qa8 34. h5 Qxa6 35. hxg6+ Qxg6 36. Qxg6+ Kxg6 37. Rb5 Rc8 38. e6 Re8 39. Re1 Kf6 40. Rxc5 Rxe6
41. Rxe6+ Kxe6 42. Kf2 g5 43. Be5 h5 44. Bxd4 g4 45. Ke3 Kd6 46. Ke4 Ke6 47. Rc6+ Kd7 48. Kd5 Ke7 49. Rb6
1-0

[Event "Carlos Di Sarli in memorian"]
[Site "SchemingMind.com"]
[Date "2006.12.10"]
[Round "-"]
[White "Manfred Kraut"]
[Black "juanca"]
[Result "0-1"]
[WhiteCountry "GER"]
[BlackCountry "ESP"]
[WhiteElo "1243"]
[WhiteRD "61"]
[BlackElo "1392"]
[BlackRD "72"]
[GameID "81426"]

1. e4 e5 2. Nf3 Nc6 3. Bc4 Nd4 4. d3 d6 5. Be3 Nxf3+ 6. Qxf3 Nf6 7. Bg5 Be7 8. Bxf6 Bxf6 9. Nc3 c6 10. O-O-O O-O
11. Ne2 Bg5+ 12. Kb1 Kh8 13. d4 f5 14. exf5 Rxf5 15. Qg3 Qf6 16. dxe5 Rxe5 17. h4 Bh6 18. f4 Rc5 19. b3 d5 20. Bd3 Bf5
21. Bxf5 Qxf5 22. Nd4 Qf6 23. c3 Bxf4 24. Qf3 Be5 25. b4 Rc4 26. Kb2 Bxd4 27. cxd4 Qxf3 28. gxf3 Rxb4+ 29. Kc3 a5 30. Rb1 Rxb1
31. Rxb1 b5 32. a3 a4 33. Kb4 Rf8 34. Rf1 Rf4 35. Kc5 Rf6 36. Re1 h6 37. Re8+ Kh7 38. Re3 Rf4 39. Kxc6 Rxd4 40. Kxb5 Rxh4
41. Kc5 Rh5 42. Kd4 Rf5 43. Kc3 Rf4 44. Kd3 d4 45. Re4 Rxf3+ 46. Kxd4 Rxa3 47. Kc5 Ra1 48. Kb5 a3 49. Ra4 a2 50. Ka5 g5
51. Re4 Rb1 52. Re7+ Kg6 53. Re6+ Kh5
0-1

[Event "Carlos Di Sarli in memorian"]
[Site "SchemingMind.com"]
[Date "2006.12.11"]
[Round "-"]
[White "Manfred Kraut"]
[Black "Brerrabbit"]
[Result "0-1"]
[WhiteCountry "GER"]
[BlackCountry "SCO"]
[WhiteElo "1297"]
[WhiteRD "60"]
[BlackElo "1342"]
[BlackRD "71"]
[GameID "81427"]

1. e4 e5 2. Nf3 Nc6 3. Bc4 Nf6 4. Nc3 Bc5 5. O-O d6 6. d3 Bg4 7. Re1 Nd4 8. Be3 Nxf3+ 9. gxf3 Bh3 10. f4 Ng4
11. Bxc5 dxc5 12. fxe5 Qh4 13. Qf3 O-O-O 14. Bxf7 Rhf8 15. Be6+ Kb8 16. Re3 Rxf3
0-1

[Event "Carlos Di Sarli in memorian"]
[Site "SchemingMind.com"]
[Date "2006.12.10"]
[Round "-"]
[White "Manfred Kraut"]
[Black "mart_r3000"]
[Result "0-1"]
[WhiteCountry "GER"]
[BlackCountry "ENG"]
[WhiteElo "1297"]
[WhiteRD "60"]
[BlackElo "1281"]
[BlackRD "52"]
[GameID "81428"]

1. e4 e5 2. Nf3 d5 3. Nxe5 dxe4 4. d4 exd3 5. Bxd3 Bc5 6. Qf3 f6 7. Qh5+ g6 8. Nxg6 Qd4 9. Nxh8+ Kd7 10. Qf7+ Kc6
11. O-O Nd7 12. Qxg8 Ne5 13. Qb3 a6 14. Be3 Qg4 15. Bxc5 b6 16. Qa4+ Qxa4 17. Be3 Qg4 18. h3 Nf3+ 19. Kh1 Qg7 20. Be4+ Kd6
21. Bxa8 c6 22. Rd1+ Ke5 23. Bxc6 Nh4 24. Rd5+ Ke6 25. Bf4 Qxg2#
0-1

[Event "Carlos Di Sarli in memorian"]
[Site "SchemingMind.com"]
[Date "2006.12.10"]
[Round "-"]
[White "Manfred Kraut"]
[Black "Tahur"]
[Result "0-1"]
[WhiteCountry "GER"]
[BlackCountry "ARG"]
[WhiteElo "1297"]
[WhiteRD "60"]
[BlackElo "1468"]
[BlackRD "55"]
[GameID "81429"]

1. e4 e5 2. Nf3 Nc6 3. Bc4 h6 4. O-O Nf6 5. d4 Bd6 6. dxe5 Nxe5 7. Nxe5 Bxe5 8. Qh5 Nxh5 9. Be3 Bxb2 10. Nd2 Bxa1
11. Rxa1 d6 12. a4 Qf6 13. Rd1 Nf4 14. Nf3 Bg4 15. h3 Bxf3 16. gxf3 Qg5+ 17. Kf1 Qg2+ 18. Ke1 Nxh3 19. Bf1 Qxf3 20. Bxh3 Qxh3
21. Ke2 h5 22. Rd3 h4 23. Bd4 Qg4+ 24. f3 Qg2+ 25. Bf2 h3
0-1

[Event "Carlos Di Sarli in memorian"]
[Site "SchemingMind.com"]
[Date "2006.12.11"]
[Round "-"]
[White "Manfred Kraut"]
[Black "Negrito19"]
[Result "0-1"]
[WhiteCountry "GER"]
[BlackCountry "ARG"]
[WhiteElo "1297"]
[WhiteRD "60"]
[BlackElo "1551"]
[BlackRD "55"]
[GameID "81430"]

1. e4 e5 2. Nf3 Nc6 3. Bc4 h6 4. O-O Nf6 5. d3 Bc5 6. Re1 Ng4 7. Be3 Bxe3 8. fxe3 d6 9. d4 Qf6 10. d5 Ne7
11. Nc3 c6 12. dxc6 bxc6 13. Rf1 Nxe3 14. Qd3 Nxf1 15. Rxf1 O-O 16. Nd2 Qg5 17. Qxd6 Bh3 18. g3 Bxf1 19. Nxf1 Rad8 20. Qc5 Nc8
21. Ne3 Nb6 22. Kg2 Nxc4 23. Nxc4 f5 24. Qxe5 fxe4 25. Qxg5 hxg5 26. Nxe4 Rd4
0-1